000
00269 a2200097 4500
001
12991
100
_a
Balzac,H.D
245
_a
New Translation Responses:Contemporaries and other Novelists Twentieth-Century Criticism
260
_a
_b
W.W.Norton
_c
090
_c
9994
_d
9994
942
_a
NUST-CAE
_c
M
_c
36926
999
_c
248064
_d
248064